Les groupes de communication ibéro-américains à l'heure de la convergence (notice n° 1660358)

détails MARC
000 -LEADER
fixed length control field 02017cam a2200181 4500500
005 - DATE AND TIME OF LATEST TRANSACTION
control field 20260208013548.0
041 ## - LANGUAGE CODE
Language code of text/sound track or separate title fre
042 ## - AUTHENTICATION CODE
Authentication code dc
100 10 - MAIN ENTRY--PERSONAL NAME
Personal name Bustámante, Enrique
Relator term author
245 00 - TITLE STATEMENT
Title Les groupes de communication ibéro-américains à l'heure de la convergence
260 ## - PUBLICATION, DISTRIBUTION, ETC.
Date of publication, distribution, etc. 2005.<br/>
500 ## - GENERAL NOTE
General note 10
520 ## - SUMMARY, ETC.
Summary, etc. L’objectif de cet article est d’approfondir l’analyse de l’évolution des groupes ibéro-américains, acteurs clés du développement des industries culturelles des pays de cette zone. L’étude de leurs transformations, surtout financières et managériales, et des stratégies et alliances qu’ils ont adoptées, notamment face à la convergence multimédia, est déjà éloquent. Dans une dernière partie, les auteurs proposent des pistes pour de futures recherches empiriques sur les conséquences de ces processus, en particulier sur la création dans les domaines de la culture et de la communication, ainsi que sur les identités culturelles. Le rôle de Miami, avec les polémiques qui l’entourent, apparaît ici comme une figure symbolique.
520 ## - SUMMARY, ETC.
Summary, etc. LATIN-AMERICAN COMMUNICATION GROUPS IN THE AGE OF CONVERGENCE This article is an in-depth analysis of the evolution of groups as key actors in the development of the culture industries in their countries. The findings of research on the changes in these groups, especially financial and managerial changes, and on their strategies and alliances as regards multimedia convergence, speak for themselves. In the first part the authors propose directions for future empirical research on the consequences of these processes, especially on creation in the areas of culture and communication, and on cultural identities. The role of Miami, with the controversies surrounding it, seems to be symbolic.
700 10 - ADDED ENTRY--PERSONAL NAME
Personal name Miguel, Juan Carlos
Relator term author
786 0# - DATA SOURCE ENTRY
Note Réseaux | 131 | 3 | 2005-07-01 | p. 53-82 | 0751-7971
856 41 - ELECTRONIC LOCATION AND ACCESS
Uniform Resource Identifier <a href="https://shs.cairn.info/revue-reseaux1-2005-3-page-53?lang=fr&redirect-ssocas=7080">https://shs.cairn.info/revue-reseaux1-2005-3-page-53?lang=fr&redirect-ssocas=7080</a>

Pas d'exemplaire disponible.

PLUDOC

PLUDOC est la plateforme unique et centralisée de gestion des bibliothèques physiques et numériques de Guinée administré par le CEDUST. Elle est la plus grande base de données de ressources documentaires pour les Étudiants, Enseignants chercheurs et Chercheurs de Guinée.

Adresse

627 919 101/664 919 101

25 boulevard du commerce
Kaloum, Conakry, Guinée

Réseaux sociaux

Powered by Netsen Group @ 2025